000 00543nam a22001457a 4500
003 MACL
005 20190529163703.0
008 190529b xxu||||| |||| 00| 0 eng d
040 _cMACL
100 _aशेक्‍सपियर,विलियम
_975058
245 _aविश्‍व कथाकार विलियम शेक्‍सपियर की कालजयी कहानियां
260 _aदिल्‍ली
_bकिताबघर
_c2018
650 _aकहानियां
_975059
942 _2ddc
_cHIN
999 _c59916
_d59916